Southville International School and Colleges
Your cart is empty.
  • Cart
  • Lists
    Public lists Eva Luna New books Lux_list list_1
    Your lists Log in to create your own lists
  • Log in to your account
  • Your cookies
  • Search history
Southville International School and Colleges
  • Advanced search
  • Recent comments
  • Most popular
  • Libraries

Log in to your account

Log in with GOOGLE


If you do not have an external account, but do have a local account, you can still log in:

  1. Home
  2. MARC view: Blind Spots, Biases, and other pathologies in the boardroom /
Normal view MARC view ISBD view

Blind Spots, Biases, and other pathologies in the boardroom / (Record no. 115658)

[ view plain ]
MARC details
000 -LEADER
fixed length control field 00668nam a2200205Ia 4500
003 - CONTROL NUMBER IDENTIFIER
control field SISC
005 - DATE AND TIME OF LATEST TRANSACTION
control field 20160610161342.0
008 - FIXED-LENGTH DATA ELEMENTS--GENERAL INFORMATION
fixed length control field 140429s9999 xx 000 0 und d
020 ## - INTERNATIONAL STANDARD BOOK NUMBER
International Standard Book Number 9781606490709
050 ## - LIBRARY OF CONGRESS CALL NUMBER
Classification number HD 2745
Item number .M554 2010
100 ## - MAIN ENTRY--PERSONAL NAME
Personal name Merchant, Kenneth A.
245 ## - TITLE STATEMENT
Title Blind Spots, Biases, and other pathologies in the boardroom /
Statement of responsibility, etc Kenneth A. Merchant and Katharina Pick.
260 ## - PUBLICATION, DISTRIBUTION, ETC. (IMPRINT)
Place of publication, distribution, etc New York :
Name of publisher, distributor, etc Business Expert Press,
Date of publication, distribution, etc 2010.
300 ## - PHYSICAL DESCRIPTION
Extent 151 pages ;
Dimensions 23 cm.
500 ## - GENERAL NOTE
General note Includes bibliographical references and index.
650 ## - SUBJECT ADDED ENTRY--TOPICAL TERM
Topical term or geographic name as entry element Corporate governance.
650 ## - SUBJECT ADDED ENTRY--TOPICAL TERM
Topical term or geographic name as entry element Directors of corporations.
942 ## - ADDED ENTRY ELEMENTS (KOHA)
Call number prefix Foreign
Koha item type Books
Source of classification or shelving scheme Library of Congress Classification
Holdings
Withdrawn status Lost status Source of classification or shelving scheme Damaged status Home library Current library Shelving location Date acquired Source of acquisition Cost, normal purchase price Total Checkouts Full call number Barcode Date last seen Price effective from Koha item type
    Library of Congress Classification   College Library College Library General Circulation Section 04/29/2014 Library Fund 808.00   HD 2745 .M554 2010 C16995 05/15/2018 04/29/2014 Books

Blind Spots, Biases, and other pathologies in the boardroom /

APA

Merchant K. A., . (2010). Blind Spots, Biases, and other pathologies in the boardroom. New York: Business Expert Press.

Chicago

Merchant Kenneth A, . 2010. Blind Spots, Biases, and other pathologies in the boardroom. New York: Business Expert Press.

Harvard

Merchant K. A., . (2010). Blind Spots, Biases, and other pathologies in the boardroom. New York: Business Expert Press.

MLA

Merchant Kenneth A, . Blind Spots, Biases, and other pathologies in the boardroom. New York: Business Expert Press. 2010.

  • Place hold
  • Print
  • Cite
  • Add to your cart (remove)
  • Save record
    BIBTEX Dublin Core MARCXML MARC (non-Unicode/MARC-8) MARC (Unicode/UTF-8) MARC (Unicode/UTF-8, Standard) MODS (XML) RIS
  • More searches
    Search for this title in:
    Other Libraries (WorldCat) Other Databases (Google Scholar) Online Stores (Bookfinder.com) Open Library (openlibrary.org)

Exporting to Dublin Core...

SOUTHVILLE LIBRARY

Southville International School and Colleges Library

1281 Tropical Ave. Cor. Luxembourg St., BF Homes International, Las Pinas City

Tel. No. 8256374 / 252358 Loc. 117/146

Powered by Koha